| 000 | 00799nab a2200241 u 4500 | ||
|---|---|---|---|
| 001 | 09504 | ||
| 003 | HDC | ||
| 007 | cr bn ---aaaaa | ||
| 008 | 210202c mydr|nes 0 a may d | ||
| 040 | _aHDC | ||
| 100 |
_aAhmad Faisal Othman _eauthor _99802 |
||
| 245 | 0 |
_aProduk 200 usahawan wanita ke luar negara / _cby Ahmad Faisal Othman |
|
| 260 |
_aKuala Lumpur : _bBerita Harian, _c2012 |
||
| 336 |
_atext _2rdacontent |
||
| 337 |
_acomputer _2rdamedia |
||
| 338 |
_aonline resource _2rdacarrier |
||
| 650 |
_aEconomy _91877 |
||
| 650 |
_aEntrepreneur _91863 |
||
| 856 | _zRequest full-text at [email protected] | ||
| 942 | _2lcc | ||
| 942 | _cNEWS | ||
| 942 | _kNWSC 001478 | ||
| 999 |
_c6827 _d6827 |
||